[Event "Olimpiade 2014 - Open"]
[Site "Tromsø"]
[Date "04.08.2014"]
[Round "3.79"]
[Board "3"]
[White "Pesqueira, Jose"]
[Black "Fesalbon, Rolando"]
[Result "1-0"]
[WhiteTitle "CM"]
[WhiteElo "1969"]
[BlackElo "2051"]
[WhiteTeam "Aruba"]
[BlackTeam "Macau"]
[WhiteFideId "15900037"]
[BlackFideId "15400131"]
[EventDate "2014.08.02"]

1. d4 d5 2. Nf3 c5 3. c3 Nc6 4. e3 a6 5. Bd3 Nf6 6. Nbd2 c4 7. Bc2 Bg4 8. h3 Bh5
9. g4 Bg6 10. Ne5 Bxc2 11. Qxc2 Nxe5 12. dxe5 Nd7 13. f4 Nc5 14. Nf3 Nd3+ 15.
Ke2 e6 16. Bd2 Nc5 17. Be1 Be7 18. h4 b5 19. Nd4 Qb6 20. b4 cxb3 21. axb3 Ne4
22. c4 O-O 23. cxd5 exd5 24. Qc6 Qxc6 25. Nxc6 Rfe8 26. Nxe7+ Rxe7 27. Bb4 Rd7
28. Rhd1 f5 29. e6 Rdd8 30. e7 Rd7 31. Rxa6 Re8 32. g5 Kf7 33. Rd3 Rc8 34. Ra2
Rc1 35. Ra8 Rc2+ 36. Kd1 Rxe7 37. Kxc2 Rc7+ 38. Kb2 Kg6 39. Rxd5 Kh5 40. Rxf5
Kg4 41. Re5 Nf2 42. Rd8 Kxh4 43. Rd2 Ng4 44. Re6 g6 45. Bc3 Kg3 46. Bd4 b4 47.
Rb6 h5 48. gxh6 Kf3 49. Rxg6 Nxe3 50. Bxe3 Kxe3 51. Rh2 1-0

[Event "Olimpiade 2014 - Open"]
[Site "Tromsø"]
[Date "04.08.2014"]
[Round "3.79"]
[Board "4"]
[White "Wong, Kit"]
[Black "Croes, Octavio"]
[Result "0-1"]
[BlackTitle "CM"]
[WhiteElo "1565"]
[BlackElo "1892"]
[WhiteTeam "Macau"]
[BlackTeam "Aruba"]
[WhiteFideId "15400379"]
[BlackFideId "1007220"]
[EventDate "2014.08.02"]

1. e4 c5 2. Nf3 d6 3. d4 cxd4 4. Nxd4 Nf6 5. Nc3 g6 6. Be2 Bg7 7. Be3 O-O 8. O-O
Nc6 9. Kh1 a6 10. f3 Bd7 11. Qd2 Re8 12. Rad1 Rc8 13. Qc1 Qc7 14. Rfe1 Ne5 15.
Bh6 Bh8 16. Bf4 Nc4 17. Bxc4 Qxc4 18. e5 Nh5 19. g3 dxe5 20. Bxe5 f6 21. Nde2
Bc6 22. Bd4 Bxf3+ 23. Kg1 e5 24. Be3 Qg4 25. Kf2 e4 26. Rd2 Qh3 27. Rg1 Qxh2+
28. Ke1 Rcd8 29. Nf4 Rxd2 30. Qxd2 Qxd2+ 31. Kxd2 Rd8+ 32. Ke1 Nxf4 33. Bxf4 f5
34. Kf2 Bd4+ 0-1

[Event "Olimpiade 2014 - Open"]
[Site "Tromsø"]
[Date "04.08.2014"]
[Round "3.80"]
[Board "1"]
[White "Huguet, Sergio"]
[Black "Banlock, Benjamin Didier"]
[Result "0-1"]
[WhiteTitle "FM"]
[WhiteElo "2055"]
[BlackElo "2054"]
[WhiteTeam "Honduras"]
[BlackTeam "Cameroon"]
[WhiteFideId "2212552"]
[BlackFideId "15800059"]
[EventDate "2014.08.02"]

1. e4 e6 2. d4 d5 3. Nc3 Nf6 4. e5 Nfd7 5. Nce2 c5 6. c3 Nc6 7. f4 Qb6 8. Nf3
Be7 9. a3 a5 10. Rb1 a4 11. Be3 c4 12. g4 h5 13. Bh3 Ra5 14. Kf2 Nf8 15. Ng3
hxg4 16. Bxg4 Ng6 17. f5 Nh4 18. fxe6 Bxe6 19. Bxe6 fxe6 20. Nxh4 Rxh4 21. Nh5
Kd7 22. Nf4 Nxe5 23. h3 Nc6 24. Ng6 Re4 25. Nxe7 Nxe7 26. Bg5 e5 27. Bxe7 Kxe7
28. Re1 Qf6+ 29. Kg2 exd4 30. Qxd4 Qxd4 31. cxd4 Kd6 32. Rxe4 dxe4 33. Kf2 Rb5
34. Rg1 Rxb2+ 35. Ke3 Rb3+ 36. Kxe4 Rxh3 37. Rg6+ Kc7 38. Rxg7+ Kb6 39. d5 Rxa3
40. Kd4 c3 41. Rg6+ Ka7 42. Rg2 Rb3 43. d6 Kb6 44. Ra2 Kc6 45. Rxa4 b5 46. Ra6+
Kd7 47. Kd5 c2 48. Ra7+ Ke8 49. Rc7 Rd3+ 50. Ke6 Re3+ 51. Kd5 Re2 52. Rc8+ Kd7
53. Rc7+ Kd8 54. Rc5 b4 55. Kc6 b3 56. Kb7 b2 0-1

[Event "Olimpiade 2014 - Open"]
[Site "Tromsø"]
[Date "04.08.2014"]
[Round "3.80"]
[Board "2"]
[White "Agbor Ebot, John"]
[Black "Medina Viana, Ricardo"]
[Result "1-0"]
[BlackTitle "CM"]
[WhiteElo "1931"]
[BlackElo "2063"]
[WhiteTeam "Cameroon"]
[BlackTeam "Honduras"]
[WhiteFideId "16400216"]
[BlackFideId "8400342"]
[EventDate "2014.08.02"]

1. d4 Nf6 2. Nf3 g6 3. c4 d6 4. Nc3 Bg7 5. Bf4 a5 6. e3 O-O 7. Qc2 Na6 8. a3 Nd7
9. Be2 e5 10. Bg5 f6 11. Bh4 c5 12. O-O Nc7 13. Rfd1 Qe8 14. Bg3 Nb6 15. dxc5
dxc5 16. Rd6 Nd7 17. Rad1 Rf7 18. R6d2 Bf8 19. Ne4 Qe6 20. Nd6 Rg7 21. Ne1 Ne8
22. Bf3 Nb6 23. Nb5 f5 24. Bd5 Nxd5 25. Rxd5 e4 26. Re5 Qc6 27. Rd8 Nf6 28. Rxc5
Qe6 29. Nd4 Qb6 30. Rcxc8 Rxc8 31. Rxc8 Nd7 32. c5 Qa6 33. Bd6 b6 34. Rxf8+ Nxf8
35. Bxf8 Rc7 36. Bd6 Rd7 37. Qb3+ Kg7 38. Qb5 Qc8 39. Qxb6 Rb7 40. Qc6 Qxc6 41.
Nxc6 a4 42. Nc2 Kf7 43. N2b4 Ke6 44. Nd8+ 1-0

[Event "Olimpiade 2014 - Open"]
[Site "Tromsø"]
[Date "04.08.2014"]
[Round "3.80"]
[Board "4"]
[White "Makem, Pierre"]
[Black "Hernandez, Juan Carlos"]
[Result "1/2-1/2"]
[WhiteTitle "CM"]
[WhiteElo "1928"]
[BlackElo "1964"]
[WhiteTeam "Cameroon"]
[BlackTeam "Honduras"]
[WhiteFideId "11000805"]
[BlackFideId "8400318"]
[EventDate "2014.08.02"]

1. Nf3 c5 2. g3 Nf6 3. Bg2 Nc6 4. O-O g6 5. c4 Bg7 6. Nc3 O-O 7. e3 d6 8. d4 e5
9. dxe5 dxe5 10. Qe2 Qe7 11. Nd2 Bg4 12. f3 Be6 13. b3 Rad8 14. Ba3 Nb4 15. Na4
b6 16. Bxb4 cxb4 17. Rac1 Nd7 18. Rfd1 f5 19. Bh3 Nc5 20. Nxc5 Qxc5 21. Ne4 Qe7
22. Nf2 Bh6 23. Rd3 Rxd3 24. Nxd3 Bc8 25. f4 exf4 26. gxf4 Bb7 27. Bg2 Bxg2 28.
Kxg2 Re8 29. Re1 Bg7 30. Qf3 Bc3 31. Re2 Kh8 32. Nf2 Bd4 33. Nd3 Bc3 34. Nf2 a5
35. e4 fxe4 36. Rxe4 Qd7 37. Qd3 Qf7 38. Rxe8+ Qxe8 39. Ne4 Bg7 40. Nd6 Qe6 41.
h3 Bf8 42. Qd4+ Kg8 43. Ne4 Be7 44. Qd5 Kf7 45. Kf3 h6 46. Ke3 Bf6 47. Kd3 Ke7
48. Nxf6 Kxf6 49. Qxe6+ Kxe6 50. Ke4 Kf6 51. Kd5 Kf5 52. Kc6 Kxf4 53. Kxb6 Kg3
54. c5 Kxh3 55. c6 g5 56. c7 g4 57. c8=Q h5 58. Kxa5 h4 59. Kxb4 Kg3 60. Qc7+
Kh3 61. Qd7 Kg3 62. Qd6+ Kg2 63. Qf4 Kh3 64. Qf1+ Kh2 65. Qf2+ Kh3 66. Qg1 g3
67. Kc3 g2 68. Kd3 Kg3 69. Qe1+ Kh3 70. Ke3 g1=Q+ 1/2-1/2

[Event "Olimpiade 2014 - Open"]
[Site "Tromsø"]
[Date "04.08.2014"]
[Round "3.81"]
[Board "1"]
[White "Boydia, Sidi"]
[Black "Ahmed, Ashraf"]
[Result "1-0"]
[WhiteTitle "FM"]
[BlackTitle "FM"]
[WhiteElo "2068"]
[BlackElo "1817"]
[WhiteTeam "Mauritania"]
[BlackTeam "Maldives"]
[WhiteFideId "19600100"]
[BlackFideId "16700031"]
[EventDate "2014.08.02"]

1. e4 d5 2. exd5 Qxd5 3. Nf3 Bg4 4. Be2 Nc6 5. Nc3 Qe6 6. O-O O-O-O 7. Ng5 Qg6
8. Bxg4+ f5 9. d3 fxg4 10. Qxg4+ Kb8 11. Qe4 Qh5 12. Ne6 Nf6 13. Qe2 Qxe2 14.
Nxe2 Rd6 15. Ng5 Rg8 16. f4 Nb4 17. c3 Nxd3 18. Nd4 c5 19. Nf5 Rb6 20. b3 e6 21.
Ne3 h6 22. Nf7 Nd5 23. Nc4 Rc6 24. Bd2 b5 25. Nce5 Nxe5 26. Nxe5 Rc7 27. c4 bxc4
28. Nxc4 Be7 29. Rad1 Bf6 30. Rfe1 Re8 31. Kh1 Rd7 32. Be3 Bc3 33. Bd2 Bd4 34.
g3 Kc7 35. Kg2 Kd8 36. Ba5+ Ke7 37. Re2 Kf7 38. Rxd4 cxd4 39. Ne5+ Ke7 40. Nxd7
Kxd7 41. Rd2 Rc8 42. Rxd4 Rc2+ 43. Rd2 Rxd2+ 44. Bxd2 Kc6 45. Kf3 Kd7 46. h4 g6
47. Ke4 Nf6+ 48. Kd4 h5 49. a4 a6 50. b4 Kd6 51. b5 axb5 52. axb5 Nd7 53. Ba5
Nf6 54. b6 Nd7 55. b7 Kc6 56. b8=N+ Nxb8 57. Ke5 Nd7+ 58. Kxe6 Nc5+ 59. Kf7 Ne4
60. Be1 1-0

[Event "Olimpiade 2014 - Open"]
[Site "Tromsø"]
[Date "04.08.2014"]
[Round "3.81"]
[Board "2"]
[White "Mohamed, Hassan MDV"]
[Black "Hemam, Moulaye Brahim"]
[Result "1-0"]
[WhiteTitle "CM"]
[BlackTitle "CM"]
[WhiteElo "1830"]
[BlackElo "2070"]
[WhiteTeam "Maldives"]
[BlackTeam "Mauritania"]
[WhiteFideId "16700058"]
[BlackFideId "19600054"]
[EventDate "2014.08.02"]

1. e4 c5 2. Nf3 Nc6 3. d3 d6 4. g3 g6 5. Bg2 Bg7 6. O-O Nf6 7. c3 O-O 8. h3 Bd7
9. Be3 h6 10. Nbd2 Rc8 11. Qe2 e5 12. Kh2 b5 13. Rfd1 Qe7 14. d4 cxd4 15. cxd4
a6 16. dxe5 dxe5 17. a3 Be6 18. b4 Rfd8 19. Bc5 Qb7 20. Qe3 Nd7 21. Rac1 Nxc5
22. Rxc5 Rd6 23. Rdc1 Rcd8 24. Bf1 Qd7 25. Qc3 Nd4 26. Rc7 Qe8 27. Qc5 Nb3 28.
Nxb3 Bxb3 29. Be2 Qe6 30. Qc3 Bd1 31. Bxd1 Rxd1 32. Rxd1 Rxd1 33. Qc6 Qa2 34.
Qc5 Qa1 35. Nh4 Rh1+ 36. Kg2 Qf1+ 37. Kf3 Qd1+ 38. Kg2 Qf1+ 39. Kf3 Qxh3 40. Qe7
Qe6 41. Qxe6 fxe6 42. Ra7 Rb1 43. Rxa6 Kf7 44. Ra5 Bf6 45. Kg2 Bxh4 46. gxh4 Rb3
47. Rxb5 Rxa3 48. Rxe5 Rb3 49. Rb5 Kf6 50. f3 Rb2+ 51. Kg3 Rb3 52. Kg4 h5+ 53.
Kf4 e5+ 54. Rxe5 Rxb4 55. Ra5 Rb1 56. Ra6+ Kf7 57. e5 Rh1 58. Kg5 Rg1+ 59. Kh6
Rh1 60. Rf6+ Ke7 61. Kxg6 Rxh4 62. Kf5 Rh1 63. Rh6 h4 64. Kg4 Rg1+ 65. Kxh4 Rg8
66. f4 Rg1 67. f5 Rh1+ 68. Kg5 Rg1+ 69. Kf4 Rf1+ 70. Ke4 Re1+ 71. Kd4 Rd1+ 72.
Kc3 Rf1 73. Rh7+ Kf8 74. f6 Kg8 75. Re7 Rf4 76. Kd3 Kf8 77. Ra7 Kg8 78. Ke3 Rh4
79. Rg7+ Kh8 80. Rg1 1-0

[Event "Olimpiade 2014 - Open"]
[Site "Tromsø"]
[Date "04.08.2014"]
[Round "3.81"]
[Board "3"]
[White "Taleb Mohamed, Ahmed"]
[Black "Ibarhim, Firaq"]
[Result "1/2-1/2"]
[WhiteTitle "CM"]
[WhiteElo "2024"]
[BlackElo "1532"]
[WhiteTeam "Mauritania"]
[BlackTeam "Maldives"]
[WhiteFideId "19600038"]
[BlackFideId "16700120"]
[EventDate "2014.08.02"]

1. e4 c5 2. Nf3 Nc6 3. c3 d6 4. Bc4 e6 5. d4 cxd4 6. cxd4 d5 7. exd5 exd5 8. Bd3
h6 9. O-O Bd6 10. Qb3 Nf6 11. Re1+ Be7 12. Bf4 O-O 13. Nbd2 a6 14. Rac1 Bb4 15.
Rxc6 Bxd2 16. Rd6 Qc7 17. Nxd2 Be6 18. Bg3 Qa5 19. Rd1 Rfe8 20. f3 Nh5 21. Bf2
Nf4 22. Bf1 Rac8 23. Rb6 Bf5 24. Qb4 Qxa2 25. Qa3 Qxa3 26. bxa3 Rc2 27. Re1 Rec8
28. Be3 Re8 29. Kf2 Ne6 30. Rxb7 Nxd4 31. Bf4 Ne6 32. g4 Bh7 33. h4 Ra2 34. Ra7
Rc8 35. Bxa6 Rd8 36. Rxe6 fxe6 37. Ke1 Rxa3 38. Bc7 Rd7 39. Ra8+ Kf7 40. Bg3 d4
41. Nc4 Ra1+ 42. Kd2 Ra2+ 43. Ke1 d3 44. Bf4 Ra1+ 45. Kf2 Ra2+ 46. Kg3 d2 47.
Ne5+ Ke7 48. Nc6+ Kf7 49. Ne5+ Ke7 50. Nc6+ Kf7 1/2-1/2

[Event "Olimpiade 2014 - Open"]
[Site "Tromsø"]
[Date "04.08.2014"]
[Round "3.82"]
[Board "1"]
[White "Klaas, Tokelo"]
[Black "Chipanga, Chiletso"]
[Result "1-0"]
[BlackTitle "CM"]
[WhiteElo "1653"]
[BlackElo "2060"]
[WhiteTeam "Lesotho"]
[BlackTeam "Malawi"]
[WhiteFideId "21300020"]
[BlackFideId "16400119"]
[EventDate "2014.08.02"]

1. d4 d5 2. Nf3 c5 3. c3 e6 4. Bf4 Nc6 5. e3 cxd4 6. cxd4 Qb6 7. Qd2 Nf6 8. Nc3
Ne4 9. Qc1 Bd7 10. Be2 Rc8 11. O-O Bb4 12. Nd2 O-O 13. Ndxe4 dxe4 14. Qb1 f5 15.
a3 Be7 16. h3 Na5 17. Qa2 Nb3 18. Rad1 a5 19. a4 Qb4 20. Be5 Bc6 21. Rfe1 Bd5
22. Qb1 Bd6 23. Bxd6 Qxd6 24. g3 Rf6 25. Bf1 Rg6 26. Kh2 Rh6 27. Kg1 Rg6 28. Kh2
h5 29. h4 Rg4 30. Kh3 Rg6 31. Be2 Rh6 32. Rh1 Kf7 33. Qc2 Rhh8 34. Kg2 g6 35.
Kg1 Qb4 36. Qb1 Rc6 37. Bb5 Rc7 38. Kg2 Rhc8 39. Rhe1 f4 40. gxf4 Rxc3 41. bxc3
Qxc3 42. Re2 Kg7 43. Qb2 Qc7 44. Qa3 Qd8 45. Rh1 Rc3 46. Qb2 Qc8 47. Kh2 Nc1 48.
Rd2 Nd3 49. Qb1 e5 50. Bxd3 exd3 51. Rg1 Rc2 52. Rxc2 Qxc2 53. Qxc2 dxc2 54.
fxe5 Bb3 55. Kg3 Bxa4 56. f4 Bc6 57. Kf2 b5 58. Ke2 Be4 59. Kd2 a4 60. Kc3 Kf7
61. Kb4 Bd3 62. d5 Be2 63. Rc1 Bd3 64. Kc5 a3 65. Kb4 a2 66. Kc3 Be4 67. d6 Ke6
68. Kb2 b4 69. Kxa2 Bd5+ 70. Kb2 b3 71. Rg1 Kd7 72. Rxg6 1-0

[Event "Olimpiade 2014 - Open"]
[Site "Tromsø"]
[Date "04.08.2014"]
[Round "3.82"]
[Board "2"]
[White "Chimthere, Alfred Charles"]
[Black "Mohatlane, Liteboho"]
[Result "1-0"]
[WhiteElo "2017"]
[BlackElo "1577"]
[WhiteTeam "Malawi"]
[BlackTeam "Lesotho"]
[WhiteFideId "16400046"]
[BlackFideId "14317265"]
[EventDate "2014.08.02"]

1. e4 e5 2. Nf3 Nc6 3. Bb5 a6 4. Ba4 Nf6 5. Nc3 b5 6. Bb3 Be7 7. d3 d6 8. a4 b4
9. Nd5 O-O 10. O-O Bg4 11. c3 a5 12. h3 Bd7 13. Nxe7+ Nxe7 14. Bg5 Ng6 15. Qd2
c5 16. Nh2 h6 17. Be3 Qc8 18. f4 Nh5 19. f5 Ngf4 20. Rf3 Kh7 21. g4 bxc3 22.
bxc3 Rb8 23. Bc4 Nf6 24. Bxf4 exf4 25. Qxf4 Rb6 26. g5 Nh5 27. Qh4 g6 28. Ng4 d5
29. Bxd5 Qb8 30. Nf6+ Nxf6 31. Qxh6+ Kg8 32. gxf6 Rxf6 33. fxg6 Rd8 34. Qh7+ Kf8
35. Qh8+ 1-0

[Event "Olimpiade 2014 - Open"]
[Site "Tromsø"]
[Date "04.08.2014"]
[Round "3.82"]
[Board "3"]
[White "Latela, Kananelo"]
[Black "Nyambalo, Joseph Xavier"]
[Result "0-1"]
[BlackTitle "CM"]
[WhiteElo "1479"]
[BlackElo "2115"]
[WhiteTeam "Lesotho"]
[BlackTeam "Malawi"]
[WhiteFideId "14317206"]
[BlackFideId "20500041"]
[EventDate "2014.08.02"]

1. e4 c5 2. Nf3 d6 3. d4 cxd4 4. Nxd4 Nf6 5. Nc3 a6 6. Be3 g6 7. f3 Bg7 8. Qd2
O-O 9. Bc4 Nc6 10. O-O-O Qc7 11. Bb3 Ne5 12. Bh6 Nc4 13. Bxc4 Qxc4 14. Bxg7 Kxg7
15. h4 h5 16. g4 b5 17. b3 Qc5 18. g5 Ne8 19. Kb2 Bd7 20. Nd5 e5 21. Ne2 Rc8 22.
Nc1 Be6 23. Rh2 Bxd5 24. exd5 b4 25. f4 exf4 26. Qxf4 a5 27. Qd4+ Kg8 28. Qxc5
Rxc5 29. Ne2 Nc7 30. Nf4 Re8 31. Rd4 Nb5 32. Rc4 Rec8 33. Re4 Nc3 34. Rd4 Kg7
35. Rhd2 Re8 36. Ng2 Re5 37. Nf4 Re1 0-1

[Event "Olimpiade 2014 - Open"]
[Site "Tromsø"]
[Date "04.08.2014"]
[Round "3.84"]
[Board "1"]
[White "Lettsome, Maurice"]
[Black "Blijstra, Wim"]
[Result "0-1"]
[WhiteElo "1783"]
[BlackElo "2201"]
[WhiteTeam "British Virgin Isles"]
[BlackTeam "Netherlands Antilles"]
[WhiteFideId "2700093"]
[BlackFideId "1018000"]
[EventDate "2014.08.02"]

1. c4 c5 2. Nf3 Nc6 3. Nc3 g6 4. g3 Bg7 5. Bg2 e6 6. O-O Nge7 7. e4 O-O 8. a3 a5
9. Rb1 b6 10. Re1 d6 11. b3 Ra7 12. Nb5 Rd7 13. d4 cxd4 14. Nfxd4 Nxd4 15. Nxd4
Bb7 16. Bb2 e5 17. Nb5 f5 18. Qd2 Qa8 19. Nc3 h6 20. Nd5 Bxd5 21. cxd5 Rc7 22.
Rbc1 Rfc8 23. Rxc7 Rxc7 24. Rc1 Rc5 25. b4 axb4 26. axb4 Rxc1+ 27. Qxc1 Qa2 28.
h4 Qb3 29. Qd2 Kf7 30. Kh2 Qc4 31. Bc3 fxe4 32. Qe1 Nxd5 33. Qa1 Nxc3 34. Qa7+
Kf6 35. Qxb6 Bf8 36. Qd8+ Kf7 37. Bh3 Be7 38. Qh8 Bf6 39. Qb8 Qc6 40. Qa7+ Be7
41. Bd7 Qc4 42. Qb8 Kg7 43. Qe8 Qf7 44. Qc8 Qxf2+ 45. Kh1 Ne2 0-1

[Event "Olimpiade 2014 - Open"]
[Site "Tromsø"]
[Date "04.08.2014"]
[Round "3.84"]
[Board "2"]
[White "Maduro, Sherman"]
[Black "Christopher, Art"]
[Result "1-0"]
[WhiteTitle "CM"]
[WhiteElo "1993"]
[BlackElo "1668"]
[WhiteTeam "Netherlands Antilles"]
[BlackTeam "British Virgin Isles"]
[WhiteFideId "7500122"]
[BlackFideId "2700085"]
[EventDate "2014.08.02"]

1. Nf3 c5 2. e4 d6 3. d4 cxd4 4. Nxd4 Nf6 5. Nc3 a6 6. a4 e6 7. Be2 Be7 8. Be3
O-O 9. O-O Nc6 10. f4 Qc7 11. Bf3 Bd7 12. Nb3 b6 13. g4 h6 14. Qd2 Nh7 15. Qf2
Rab8 16. h4 f6 17. Rad1 Nb4 18. f5 b5 19. a5 e5 20. Rd2 Bc6 21. Rfd1 Bb7 22. Kh1
Qc4 23. Nc1 Nc6 24. Nd5 Qa4 25. Nb3 Kf7 26. Ra1 Qc4 27. Nb6 Qb4 28. Ra3 d5 29.
c3 Qd6 30. Rxd5 Qc7 31. Rd7 Qxd7 32. Nxd7 Bxa3 33. bxa3 Rbd8 34. Nxf8 Nxf8 35.
Bb6 Rd7 36. Nc5 Re7 37. Qa2+ Ke8 38. Nxb7 Rxb7 39. Qd5 1-0

[Event "Olimpiade 2014 - Open"]
[Site "Tromsø"]
[Date "04.08.2014"]
[Round "3.85"]
[Board "1"]
[White "Megaranto, Susanto"]
[Black "Obodchuk, Andrei"]
[Result "1/2-1/2"]
[WhiteTitle "GM"]
[BlackTitle "IM"]
[WhiteElo "2527"]
[BlackElo "2372"]
[WhiteTeam "Indonesia"]
[BlackTeam "IPCA"]
[WhiteFideId "7101384"]
[BlackFideId "4114310"]
[EventDate "2014.08.02"]

1. e4 c5 2. Nf3 Nc6 3. Bb5 d6 4. d4 cxd4 5. Qxd4 Bd7 6. Bxc6 Bxc6 7. Bg5 h6 8.
Bh4 Qb6 9. Nc3 Qxd4 10. Nxd4 g5 11. Bg3 Bg7 12. O-O-O Bxd4 13. Rxd4 Nf6 14. Re1
Nh5 15. f3 Nxg3 16. hxg3 f6 17. Nd1 Kf7 18. Ne3 h5 19. Rh1 Bd7 20. Rc4 Bc6 21.
Rd4 Bd7 22. Kd2 Rac8 23. c4 Be6 24. b3 h4 25. gxh4 Rxh4 26. Rxh4 gxh4 27. Ke2 a6
28. a4 Rh8 29. Rd1 b5 30. axb5 axb5 31. cxb5 Rb8 32. b4 Rxb5 33. Rb1 Ke8 34. Kf2
Kd8 35. Nc2 Rb8 36. Rh1 Ra8 37. Nd4 Ra2+ 38. Kg1 Ra1+ 39. Kh2 Rxh1+ 40. Kxh1 Bd7
41. g3 hxg3 42. Kg2 Kc7 43. Kxg3 Kb6 44. Ne2 f5 45. Nc3 fxe4 46. fxe4 Bc6 47.
Kf4 e6 48. Ke3 Be8 49. Kd4 Bc6 50. e5 dxe5+ 51. Kxe5 Bd5 1/2-1/2

[Event "Olimpiade 2014 - Open"]
[Site "Tromsø"]
[Date "04.08.2014"]
[Round "3.85"]
[Board "4"]
[White "Valenta, Vit"]
[Black "Setyaki, Azarya Jodi"]
[Result "0-1"]
[WhiteTitle "FM"]
[BlackTitle "CM"]
[WhiteElo "2132"]
[BlackElo "2186"]
[WhiteTeam "IPCA"]
[BlackTeam "Indonesia"]
[WhiteFideId "307440"]
[BlackFideId "7101589"]
[EventDate "2014.08.02"]

1. e4 c5 2. Nc3 Nc6 3. g3 g6 4. Bg2 Bg7 5. Nge2 Rb8 6. a4 d6 7. O-O Nf6 8. d3
O-O 9. Bf4 a6 10. Qd2 Re8 11. Bh6 Bh8 12. h3 b5 13. axb5 axb5 14. Kh2 b4 15. Nd1
Bb7 16. f4 Ra8 17. Ne3 Nd7 18. c3 Ra5 19. f5 Qa8 20. Rxa5 Qxa5 21. fxg6 hxg6 22.
Nc4 Qa6 23. Qf4 Bf6 24. Bg5 Nce5 25. Nxe5 dxe5 26. Qf3 Qe6 27. h4 Bxg5 28. Bh3
Qf6 29. Qg4 Qd6 30. hxg5 Nb6 31. Qf3 Rf8 32. Qe3 Ba6 33. Nc1 Kg7 34. Kg2 Na4 35.
Qd2 bxc3 36. bxc3 c4 37. d4 exd4 38. Qxd4+ Qxd4 39. cxd4 Rb8 40. Kf3 c3 41. Re1
Rb4 42. Ke3 Nb2 43. Bf1 Bxf1 44. Rxf1 Ra4 45. Rf2 0-1

[Event "Olimpiade 2014 - Open"]
[Site "Tromsø"]
[Date "04.08.2014"]
[Round "3.86"]
[Board "1"]
[White "Dukaczewski, Piotr"]
[Black "Lodhi, Mahmood"]
[Result "1/2-1/2"]
[WhiteTitle "IM"]
[BlackTitle "IM"]
[WhiteElo "2288"]
[BlackElo "2335"]
[WhiteTeam "IBCA"]
[BlackTeam "Pakistan"]
[WhiteFideId "1103520"]
[BlackFideId "7800010"]
[EventDate "2014.08.02"]

1. e4 e5 2. Nf3 Nc6 3. Bb5 a6 4. Bxc6 dxc6 5. O-O f6 6. d4 exd4 7. Nxd4 c5 8.
Nb3 Qxd1 9. Rxd1 Bg4 10. f3 Bd7 11. Bf4 O-O-O 12. Nc3 Be6 13. Rxd8+ Kxd8 14.
Rd1+ Kc8 15. Nd5 Bxd5 16. Rxd5 b6 17. Rd1 Ne7 18. Nd2 Nc6 19. c3 b5 20. Nf1 c4
21. Rd5 Nd8 22. Ng3 Ne6 23. Be3 g6 24. Kf1 Be7 25. Ne2 Re8 26. Kf2 Rd8 27. Rxd8+
Kxd8 28. Nf4 Kd7 29. Nxe6 Kxe6 30. f4 h5 31. Kf3 a5 32. a3 f5 33. Ba7 Bd6 34. g3
Be7 35. Ke3 c5 36. h3 a4 37. Bb6 b4 38. Ba5 b3 39. Kf3 Bf6 40. g4 hxg4+ 41. hxg4
Bh4 42. exf5+ gxf5 43. g5 Kf7 44. Ke3 Kg6 45. Bb6 Be1 46. Ba5 Kf7 47. Ke2 Bg3
48. Bc7 Kg6 49. Bd6 Kf7 50. Be5 Bh4 51. Bd6 Bg3 52. Be5 Bh4 53. Bd6 Bg3 54. Be5 1/2-1/2

[Event "Olimpiade 2014 - Open"]
[Site "Tromsø"]
[Date "04.08.2014"]
[Round "3.86"]
[Board "2"]
[White "Mirza, Shahzad"]
[Black "Meshkov, Yuri A."]
[Result "0-1"]
[WhiteTitle "IM"]
[BlackTitle "IM"]
[WhiteElo "2268"]
[BlackElo "2357"]
[WhiteTeam "Pakistan"]
[BlackTeam "IBCA"]
[WhiteFideId "7800088"]
[BlackFideId "4107101"]
[EventDate "2014.08.02"]

1. d4 e6 2. c4 b6 3. Nc3 Bb7 4. e4 Bb4 5. d5 Na6 6. Ne2 exd5 7. exd5 Qe7 8. Be3
f5 9. Qd3 Nf6 10. Qxf5 O-O 11. O-O-O Nc5 12. Bg5 Nce4 13. Nxe4 Qxe4 14. Qxe4
Nxe4 15. Bh4 Nxf2 16. Bxf2 Rxf2 17. g3 Bd6 18. Nc3 Be5 19. Rd2 Raf8 20. Rxf2
Rxf2 21. Nd1 Rf6 22. Bd3 b5 23. Rf1 Rxf1 24. Bxf1 bxc4 25. Bxc4 Kf8 26. Kd2 Ke7
27. Kd3 Kd6 28. Ke4 c6 29. dxc6 Bxc6+ 30. Ke3 Kc5 31. Bd3 h6 32. a3 a5 33. b3
Bd4+ 34. Ke2 Bd5 35. Bc2 Bg1 36. h4 Kd4 37. Kf1 Be3 38. Ke2 Bc1 39. b4 axb4 40.
axb4 Bc4+ 41. Kf3 Bd2 42. Ba4 d5 43. Nb2 Bf1 44. Kf2 Ba6 45. b5 Bb7 46. Ke2 Ba5
47. Nd3 Bc7 48. g4 Bc8 49. Nb4 Bxg4+ 50. Kf2 Kc4 51. Nc6 Kc5 52. Ne7 Bd6 53. Nc6
Bf4 54. Bb3 d4 55. Bc2 Be3+ 56. Kg3 Be2 57. Ne5 Bxb5 58. Kf3 Kb4 59. Bd3 Ba4 60.
Ke2 Kc3 61. Bg6 Bb5+ 62. Bd3 Bxd3+ 63. Nxd3 g5 64. hxg5 hxg5 65. Ne5 Bf4 66. Nd3
Bd6 67. Nf2 Kc2 68. Nd3 g4 69. Ne1+ Kc3 70. Nd3 Kc4 71. Nf2 g3 72. Ne4 d3+ 0-1

[Event "Olimpiade 2014 - Open"]
[Site "Tromsø"]
[Date "05.08.2014"]
[Round "4.13"]
[Board "1"]
[White "Bachmann, Axel"]
[Black "Le, Quang Liem"]
[Result "0-1"]
[WhiteTitle "GM"]
[BlackTitle "GM"]
[WhiteElo "2644"]
[BlackElo "2710"]
[WhiteTeam "Paraguay"]
[BlackTeam "Vietnam"]
[WhiteFideId "3700488"]
[BlackFideId "12401137"]
[EventDate "2014.08.02"]

1. Nf3 Nf6 2. c4 g6 3. Nc3 Bg7 4. e4 c5 5. d4 cxd4 6. Nxd4 O-O 7. Be2 Nc6 8. Be3
d6 9. O-O Bd7 10. f3 Nxd4 11. Bxd4 a5 12. Qd2 Bc6 13. b3 Nd7 14. Be3 Nc5 15.
Rab1 Qb6 16. Nd5 Bxd5 17. cxd5 Qb4 18. Rfd1 Rfc8 19. Rbc1 Qxd2 20. Bxd2 a4 21.
bxa4 Bb2 22. Rc4 Rxa4 23. Rxa4 Nxa4 24. Kf1 Nc3 25. Bxc3 Rxc3 26. Bd3 Ba3 27.
Ke2 Bc5 28. Rb1 Ra3 29. Bc4 b6 30. Bb3 Kg7 31. f4 h6 32. g3 Ra5 33. Rb2 Kf6 34.
Rc2 Ra8 35. Kf3 Rc8 36. Ba4 g5 37. Bb5 Rg8 38. a4 gxf4 39. gxf4 Rg1 40. Re2 Rd1
41. Kg4 Kg6 42. Rg2 Re1 43. Kf3+ Kf6 44. Re2 Rd1 45. Kg4 Kg6 46. Rg2 Bd4 47. Rg3
Re1 48. Bd3 h5+ 49. Kf3+ Kf6 50. Rh3 Kg7 51. Be2 Ra1 52. Rxh5 Ra3+ 53. Kg2 Rxa4
54. e5 dxe5 55. fxe5 Ra2 56. Kf1 Ra1+ 57. Kg2 Re1 58. Kf3 Kg6 59. Rh4 Bxe5 60.
Rb4 Bc7 61. h4 Kf6 62. h5 Rh1 63. Ke3 Kf5 64. Bg4+ Kg5 65. Bf3 Rh2 66. Rg4+ Kh6
67. Rg8 b5 68. Kd4 b4 69. Kc4 b3 70. Be4 Rh4 71. Kd3 b2 72. Rg1 Bf4 73. Bf5 Rxh5
74. Be4 f5 75. Kd4 0-1